000 00343nam a2200157Ia 4500
003 0STCL
008 150530s9999 xx 000 0 und d
040 _aSTCL
_cSTCL
100 _aDawson, W.J.
245 _aMakers of modern english
260 _c1890
546 _aEnglish
942 _2ddc
_cBK
999 _c51500
_d51500
005 20220125170842.0